Online Catalogue and eLibrary

Stree vimukthiya pilibanda getalu : (Record no. 5053)

MARC details
000 -LEADER
fixed length control field 00431nam a2200157Ia 4500
005 - DATE AND TIME OF LATEST TRANSACTION
control field 20250613033756.0
008 - FIXED-LENGTH DATA ELEMENTS--GENERAL INFORMATION
fixed length control field 240331s9999 xx 000 0 und d
020 ## - INTERNATIONAL STANDARD BOOK NUMBER
ISBN 9558755028
082 ## - DDC Classification
Item Number - Author Mark REE
Class No. 331
100 ## - MAIN ENTRY--PERSONAL NAME
Personal name Reed,E
245 #0 - TITLE STATEMENT
Title Stree vimukthiya pilibanda getalu :
Remainder of title Maxswadee praveshayak
260 ## - PUBLICATION, DISTRIBUTION, ETC.
Place of publication, distribution, etc. Rajagiriya
Name of publisher, distributor, etc. Difference Publishers
Date of publication, distribution, etc. 2003
300 ## - PHYSICAL DESCRIPTION
Extent (e.g. Volumes, Pages etc.) 171 p .,
500 ## - GENERAL NOTE
General note Problems of Women's Liberation
942 ## - Koha item type (Biblio)
Koha item type Books in Stacks (Lending)
Holdings
Lost status Damaged status Collection code Home library Current library Shelving location Date acquired Full call number Accession Number Item type
    Lending WERC Library WERC Library Social Science Cupboard 03/31/2024 331 REE 4845 Books in Stacks (Lending)

© WERC Library